000 00415nam a2200181Ia 4500
001 10455
005 20260306161833.0
008 260306t2003||||xx |||||||||||||| ||spa||
041 _aESP
082 _a929.8
_bV32
100 _aVargas Tizón, Virginia
_eAUT
245 0 _aLos premios nobel
260 _c2003
300 _a409 páginas :
_ccm.
650 _aGEN
654 _aCHU
942 _cLIB
_dJUS
_fJUS
_2ddc
_n
999 _c10455
_d10455